20 common problems in gastroenterology
Equips physicians with a practical guide to the diagnosis and treatment of the 20 most common GI problems encountered in day-to-day practice. The book takes a holistic approach to enhance patient participation, adherence, family dynamics, and satisfaction with care.
সংরক্ষণ করুন:
| বিন্যাস: | গ্রন্থ |
|---|---|
| ভাষা: | Undetermined |
| প্রকাশিত: |
New York
McGraw-Hill
2002
|
| বিষয়গুলি: | |
| ট্যাগগুলো: |
ট্যাগ যুক্ত করুন
কোনো ট্যাগ নেই, প্রথমজন হিসাবে ট্যাগ করুন!
|
| Thư viện lưu trữ: | Trung tâm Học liệu Trường Đại học Cần Thơ |
|---|
| LEADER | 00797nam a2200193Ia 4500 | ||
|---|---|---|---|
| 001 | CTU_150761 | ||
| 008 | 210402s9999 xx 000 0 und d | ||
| 082 | |a 616.33 | ||
| 082 | |b T971 | ||
| 245 | 0 | |a 20 common problems in gastroenterology | |
| 245 | 0 | |c Editor Steven A. Edmundowicz | |
| 260 | |a New York | ||
| 260 | |b McGraw-Hill | ||
| 260 | |c 2002 | ||
| 520 | |a Equips physicians with a practical guide to the diagnosis and treatment of the 20 most common GI problems encountered in day-to-day practice. The book takes a holistic approach to enhance patient participation, adherence, family dynamics, and satisfaction with care. | ||
| 650 | |a Gastrointestinal system,Primary care (Medicine) | ||
| 650 | |x Diseases | ||
| 904 | |i Năm | ||
| 980 | |a Trung tâm Học liệu Trường Đại học Cần Thơ | ||